U.S. policy and programs in Cambodia : hearings, Ninety-third Congress, first session.

Bibliographic Details
Corporate Authors: United States. Congress. House. Committee on Foreign Affairs. Subcommittee on Asian and Pacific Affairs, ProQuest (Firm)
Format: Government Document eBook
Language:English
Published: Washington : U.S. Govt. Print. Off, 1973.
Series:U.S. Congressional Hearings.
Subjects:
Online Access:Connect to the full text of this electronic book

MARC

Tag First Indicator Second Indicator Subfields
LEADER 00000cam a22000001a 4500
001 in00003201623
006 m d f
007 cr bn mmmapmmp
008 090922s1973 dcu ob f000 0 eng d
005 20260511205139.2
035 |a cis2007437654 
040 |a UMI  |c UMI  |d UtOrBLW 
043 |a n-us--- 
086 0 |a Y 4.F 76/1:C 14 
099 |a HRG-1973-FOA-0049 
110 1 |a United States.  |b Congress.  |b House.  |b Committee on Foreign Affairs.  |b Subcommittee on Asian and Pacific Affairs. 
245 1 0 |a U.S. policy and programs in Cambodia :  |b hearings, Ninety-third Congress, first session. 
264 1 |a Washington :  |b U.S. Govt. Print. Off,  |c 1973. 
300 |a 1 online resource. 
336 |a text  |b txt  |2 rdacontent 
337 |a computer  |b c  |2 rdamedia 
338 |a online resource  |b cr  |2 rdacarrier 
500 |a Record is based on bibliographic data in ProQuest Congressional Hearings Digital Collection. Reuse except for individual research requires license from ProQuest, LLC. 
504 |a Includes bibliographical references. 
538 |a System requirements: PDF reader software. 
500 |a Electronic resource. 
650 0 |a Economic assistance, American  |z Cambodia. 
650 0 |a Military assistance, American  |z Cambodia. 
650 0 |a Vietnam War, 1961-1975  |z Cambodia. 
655 7 |a Electronic books.  |2 local 
710 2 |a ProQuest (Firm) 
776 0 8 |i Print version:  |a United States. Congress. House. Committee on Foreign Affairs. Subcommittee on Asian and Pacific Affairs  |t U.S. policy and programs in Cambodia  |w (DLC)73602426 //r852 
776 0 8 |i Microfiche version:  |a United States. Congress. House. Committee on Foreign Affairs. Subcommittee on Asian and Pacific Affairs  |t U.S. policy and programs in Cambodia.  |d [Bethesda, Md.] : ProQuest,[2004]  |o CIS 73 H381-26  |w (ProQuest)cis07300292 
830 0 |a U.S. Congressional Hearings. 
856 4 0 |u http://proxy.library.tamu.edu/login?url=https://congressional.proquest.com/congcomp/getdoc?HEARING-ID=HRG-1973-FOA-0049  |z Connect to the full text of this electronic book  |t 0 
998 |a cis07300292 
999 |a MARS 
999 f f |s e3074846-a89e-38e3-84df-a31395d05875  |i 95073fad-2941-3097-830a-0c11b15c8bb9  |t 0 
952 f f |a Texas A&M University  |b College Station  |c Electronic Resources  |s www_evans  |d Available Online  |t 0  |e HRG-1973-FOA-0049  |h Other scheme 
998 f f |a HRG-1973-FOA-0049  |t 0  |l Available Online